MARC details
| 000 -CABECERA |
| campo de control de longitud fija |
01529nam a2200337 i 4500 |
| 001 - NÚMERO DE CONTROL |
| campo de control |
991061720878706706 |
| 003 - IDENTIFICADOR DEL NÚMERO DE CONTROL |
| campo de control |
ES-BaIT |
| 005 - FECHA Y HORA DE LA ÚLTIMA TRANSACCIÓN |
| campo de control |
20260225083851.0 |
| 008 - DATOS DE LONGITUD FIJA--INFORMACIÓN GENERAL |
| campo de control de longitud fija |
260225e202405 fr a 000 d fre c |
| 020 ## - NÚMERO INTERNACIONAL ESTÁNDAR DEL LIBRO |
| Número Internacional Estándar del Libro |
9782749816326 |
| 040 ## - FUENTE DE LA CATALOGACIÓN |
| Centro catalogador/agencia de origen |
ES-BaIT |
| Lengua de catalogación |
cat |
| Normas de descripción |
rda |
| Centro/agencia transcriptor |
ES-BaIT |
| 080 ## - NÚMERO DE LA CLASIFICACIÓN DECIMAL UNIVERSAL |
| Número de la Clasificación Decimal Universal |
840-2"20" |
| 100 1# - ENTRADA PRINCIPAL--NOMBRE DE PERSONA |
| Nombre de persona |
Colombani, Laetitia, |
| Fechas asociadas al nombre |
1976- |
| Término indicativo de función/relación |
autor |
| 9 (RLIN) |
166474 |
| 245 13 - MENCIÓN DE TÍTULO |
| Título |
Le Jour du kiwi / |
| Mención de responsabilidad, etc. |
Laetitia Colombani |
| 264 #1 - PRODUCCIÓN, PUBLICACIÓN, DISTRIBUCIÓN, FABRICACIÓN Y COPYRIGHT |
| Producción, publicación, distribución, fabricación y copyright |
Paris : |
| Nombre del de productor, editor, distribuidor, fabricante |
L'avant-scène théatre, |
| Fecha de producción, publicación, distribución, fabricación o copyright |
mai 2024 |
| 300 ## - DESCRIPCIÓN FÍSICA |
| Extensión |
82 pàgines : |
| Otras características físicas |
i·llustracions ; |
| Dimensiones |
21 cm |
| 336 ## - TIPO DE CONTENIDO |
| Término de tipo de contenido |
text |
| Código de tipo de contenido |
txt |
| Fuente |
rdacontent |
| 336 ## - TIPO DE CONTENIDO |
| Término de tipo de contenido |
imatge fixa |
| Código de tipo de contenido |
sti |
| Fuente |
rdacontent |
| 337 ## - TIPO DE MEDIO |
| Nombre/término del tipo de medio |
sense mediació |
| Código del tipo de medio |
n |
| Fuente |
rdamedia |
| 338 ## - TIPO DE SOPORTE |
| Nombre/término del tipo de soporte |
volum |
| Código del tipo de soporte |
nc |
| Fuente |
rdacarrier |
| 490 1# - MENCIÓN DE SERIE |
| Mención de serie |
L' Avant-scène théâtre ; |
| Designación de volumen o secuencia |
no 1558 |
| 500 ## - NOTA GENERAL |
| Nota general |
P4: D2, H2 |
| 500 ## - NOTA GENERAL |
| Nota general |
Publicat com no 1558 (mai 2024) de la revista L'Avant-scène théâtre |
| 500 ## - NOTA GENERAL |
| Nota general |
Estrena Théâtre Édouard, el juny de 2021 |
| 500 ## - NOTA GENERAL |
| Nota general |
Inclou anotacions de treball d'Éric Supply i escenografies d'Emmanuelle Roy |
| 520 ## - SUMARIO, ETC. |
| Sumario, etc. |
"Que feriez-vous si un yaourt disparaissait subitement de votre frigo? Pour Bernabé Leroux, 60 ans, veuf, expert-comptable estrêmement tatillon dans l'organisation de son quotidien, c'est un mystère tout autant qu'un drame. Alors que son entourage le croit complètement givré, il s'entête, jusqu'à la paranoïa. Mais qui est le plus fou, dans cette histoire?-- Contracoberta |
| 830 ## - PUNTO DE ACCESO ADICIONAL DE SERIE-TÍTULO UNIFORME |
| Título uniforme |
Avant-scène. |
| Nombre de parte o sección de la obra |
Théâtre |
| Designación de volumen o secuencia |
no 1558 |
| 9 (RLIN) |
168170 |
| 908 ## - COLOCAR PARÁMETRO DE COMANDO (RLIN) |
| Colocar parámetro de comando |
CDMAE |
| 940 ## - EQUIVALENCIA O REFERENCIA-CRUZADA--TÍTULO UNIFORME [OBSOLETO] [solamente CAN/MARC] |
| Título uniforme |
<a href="CDMAE">CDMAE</a> |
| 942 ## - ELEMENTOS DE ENTRADA AGREGADA (KOHA) |
| Fuente del sistema de clasificación o colocación |
Clasificación decimal universal |
| Tipo de ítem Koha |
Llibre |